Top Ten Tallest Buildings in Chicago Skyline - Statistics

General Stats
  • This quiz has been taken 22 times
  • The average score is 5 of 10
Answer Stats
Height (m) Building % Correct
442 Willis Tower
94%
423 Trump International Hotel and Tower
89%
344 875 North Michigan Avenue
78%
346 Aon Center
67%
363 St. Regis Chicago
39%
307 Franklin Center
33%
293 311 South Wacker Drive
22%
273 NEMA Chicago
17%
303 Two Prudential Plaza
17%
296 One Chicago East Tower
11%
No matching quizzes found
Score Distribution
Percent of People with Each Score
Percentile by Number Answered
Your Score History
You have not taken this quiz